=LDR 00000nam 2200000 4500 =001 INLIS000000000034500 =005 20130612140415 =008 ***********************************ind** =035 ##$$0010-061300000034500 =041 ##$$a ind =082 ##$$a 372.803 =090 ##$$a 372.803, Kur k =100 ##$$a Kurnianingsih, Nia =245 ##$$a Kamus pintar bergambar, Hewan/ Nia Kurnianingsih; Editor,Gartika Rahmasari, Agus Jakaria =260 ##$$a [20...] $b Bandung =300 ##$$a iv,36 hlm., Ilus., 25 cm =650 ##$$a Pendidikan Dasar - Hewan- Kamus =700 ##$$a Rahmasari, Gartika =850 ##$$a NBPNMAT =990 ##$$a 16281628 =990 ##$$a 21009179